| 000 | 01109cam a2200241 4500 | ||
|---|---|---|---|
| 001 | WB4019-13 | ||
| 008 | 040520n2004 000 0 eng u | ||
| 035 | _a(Sirsi) u126243 | ||
| 245 | _aHousing bill strengthened | ||
| 260 | _c2004 | ||
| 490 |
_aODPM News Release _v(129) 19 May 2004 (4) |
||
| 520 | _aThe government proposes amendments to the Housing Bill 2003 to tackle the blight of empty homes and to protect tenancy deposits. Councils will be able to apply to make Empty Homes Management Orders on long-term empty properties where there is a strong enough case to do so which will mean the owner retains legal ownership and will be entitled to any rental income generated by the authority after deduction of its relevant costs. For the ODPM news release: http://www.odpm.gov.uk/pns/DisplayPN.cgi?pn_id=200 4_0129 | ||
| 590 | _aWB | ||
| 590 | _aWB | ||
| 650 | _aHOUSING BILL 2003 | ||
| 650 | _aEMPTY HOMES | ||
| 650 | _aTENANCY DEPOSITS | ||
| 650 | _aHOUSING MARKET | ||
| 650 | _aEMPTY HOMES MANAGEMENT ORDERS | ||
| 650 | _aLOCAL AUTHORITIES | ||
| 690 | _aHOUSING-MARKET | ||
| 942 | _n0 | ||
| 999 |
_c117380 _d117380 |
||